| 000 | 00609nam a2200253Ia 4500 | ||
|---|---|---|---|
| 005 | 20251020182507.0 | ||
| 008 | 200515s9999 xx 000 0 und d | ||
| 020 | _a84-87440-10-X | ||
| 082 | _a628.973/M26 | ||
| 100 | _aMartín, Franco | ||
| 245 | 0 | _aManual Práctico de Iluminación | |
| 250 | _a1a ed. | ||
| 260 | _aMadrid | ||
| 260 | _bA. MADRID VICENTE, EDICIONES | ||
| 260 | _c2005 | ||
| 300 | _a547 p. | ||
| 300 | _bil., tbl., graf., fot., col. | ||
| 500 | _a1 ejemplar | ||
| 650 | _aALUMBRADOS | ||
| 650 | _aFUENTES DE LUZ | ||
| 650 | _aILUMINACION | ||
| 942 | _cLIB | ||
| 999 |
_c1319 _d1319 |
||